Obálka Náhled e-knihy:
PDF Epub
Pro půjčování e-knih musíte být přihlášeni.
Jak si půjčit online?

Zámek /

Do zámku se hrdina snaží za každou cenu proniknout a odhalit jeho tajemství. Zde zachytil Kafka pocit ze své nejosobnější životní situace a vylíčil stav, který sám charakterizoval jako "pomezní kraj mezi samotou a společenstvím". Dílo lze chápat jako naléhavé varování před odlidštěným svět...

Celý popis

Uloženo v:
Hlavní autor: Kafka, Franz, 1883-1924 (Autor)
Další autoři: Kafka, Vladimír, 1931-1970 (Autor)
Médium: E-kniha
Jazyk:Czech
Vydáno: Praha : Dobrovský, 2014
Edice:Omega (Dobrovský)
Témata:
Tagy:
Žádné tagy
LEADER 02051nam a2200397 a 4500
001 311144
003 CZ PrSKC
005 20260601215700.0
007 ta
008 140605s2014 xr g 000 f cze
015 |a cnb002592870 
020 |a 9788073902032  |q (váz.) 
035 |a (OCoLC)883373544 
040 |a ABA001  |b cze 
041 1 |a cze  |h ger 
072 7 |a 821.112.2-3  |x Německá próza, německy psaná  |2 Konspekt 
080 |a 821.112.2(437.3)-31  |2 MRF 
080 |a (0:82-31)  |2 MRF 
100 1 |a Kafka, Franz,  |d 1883-1924  |7 jn19990218037  |4 aut 
240 1 0 |a Schloss.  |l Česky  |7 aun2007417654 
245 1 0 |a Zámek /  |c Franz Kafka ; [přeložil Vladimír Kafka] 
260 |a Praha :  |b Dobrovský,  |c 2014 
300 |a 267 s. ;  |c 21 cm 
490 1 |a Omega 
500 |a Přeloženo z němčiny 
520 2 |a Do zámku se hrdina snaží za každou cenu proniknout a odhalit jeho tajemství. Zde zachytil Kafka pocit ze své nejosobnější životní situace a vylíčil stav, který sám charakterizoval jako "pomezní kraj mezi samotou a společenstvím". Dílo lze chápat jako naléhavé varování před odlidštěným světem a před člověkem, postrádajícím vědomí základních lidských hodnot. 
520 2 |a Románový fragment je složitou a čtenářsky náročnou historií zeměměřiče K., který přichází do vesnice ovládané ze záhadného zámku. 
655 7 |a německy psané romány  |7 fd132937  |2 czenas 
655 9 |a fiction in German  |2 eczenas 
700 1 |a Kafka, Vladimír,  |d 1931-1970  |7 jk01052518  |4 trl 
830 0 |a Omega (Dobrovský) 
900 |a ABA001  |b 18 
044 |a xr 
910 |a RBIT002 
998 |d 204229  |a https://core.palmknihy.cz/api/books/204229/cover?q67bpo  |b https://core.palmknihy.cz/api/books/204229/cover/400?q67bpo  |c https://core.palmknihy.cz/api/books/204229/cover/50?q67bpo  |e   |g 272  |i 9788073902032  |j https://core.palmknihy.cz/api/books/204229/preview.epub  |k https://core.palmknihy.cz/api/books/204229/preview.pdf  |l   |q 49  |r 1  |s https://www.palmknihy.cz/kniha/204229  |t ebook  |y 2014  |z 0 
999 |d 311142